000 00283nam a22001217a 4500
008 181224b xxu||||| |||| 00| 0 eng d
041 _aeng
080 _24th
_a573
100 _a11
101 _aBIO
245 _aCouncil of Biology Editors Style Manual
_cHuth.E.J
942 _2udc
_cBK
999 _c53748
_d53748